[Event "Championship Meridian 2015"]
[Site "?"]
[Date "2015.07.19"]
[Round "4.1"]
[White "Kokarev, Dmitry"]
[Black "Savchenko, Boris"]
[Result "1-0"]
[WhiteElo "2575"]
[BlackElo "2674"]
[PlyCount "105"]
[EventDate "2015.??.??"]

1. e4 c5 2. Nf3 Nc6 3. d4 cxd4 4. Nxd4 g6 5. c4 d6 6. Nc3 Bg7 7. Be3 Qb6 8. Nb3
Bxc3+ 9. bxc3 Qc7 10. c5 dxc5 11. Nxc5 Nf6 12. f3 O-O 13. Be2 b6 14. Nb3 Nh5
15. Qc1 Ne5 16. O-O Nc4 17. Bh6 Rd8 18. Rd1 Ba6 19. Rxd8+ Rxd8 20. Qf1 f6 21.
Rd1 Rc8 22. g3 Bb5 23. Qh3 Ng7 24. Nd4 Qc5 25. Bxg7 Ne3 26. Nb3 Qxc3 27. Rc1
Nc2 28. Bxb5 Kxg7 29. Qg2 Rc7 30. Qd2 Qe5 31. Be2 Nd4 32. Rxc7 Nxe2+ 33. Qxe2
Qxc7 34. Kg2 Qc3 35. Qd2 Qc4 36. Nd4 a5 37. Ne2 b5 38. Nf4 b4 39. Nd5 Qc5 40.
h4 Kf7 41. g4 Ke8 42. g5 f5 43. exf5 gxf5 44. h5 Qd6 45. Nf6+ Kf7 46. Qxd6 exd6
47. Nd5 Ke6 48. Nf4+ Ke5 49. Nd3+ Ke6 50. f4 d5 51. Kf3 d4 52. Ke2 Kd5 53. h6
1-0

[Event "Championship Meridian 2015"]
[Site "?"]
[Date "2015.07.19"]
[Round "4.2"]
[White "Goganov, Aleksey"]
[Black "Papin, Vasily"]
[Result "1/2-1/2"]
[WhiteElo "2601"]
[BlackElo "2518"]
[PlyCount "58"]
[EventDate "2015.??.??"]

1. d4 Nf6 2. c4 e6 3. Nf3 b6 4. g3 Ba6 5. b3 b5 6. cxb5 Bxb5 7. Bg2 Bb4+ 8. Bd2
a5 9. O-O O-O 10. Nc3 Bc6 11. a3 Bxc3 12. Bxc3 Qc8 13. b4 axb4 14. axb4 Rxa1
15. Qxa1 Qb7 16. d5 Bxd5 17. Bxf6 gxf6 18. Qxf6 Qxb4 19. Qg5+ Kh8 20. Qf6+ Kg8
21. Qg5+ Kh8 22. Qe5+ Kg8 23. Qxc7 Qc4 24. Qe5 f6 25. Qe3 Nc6 26. Nd2 Qd4 27.
Bxd5 Qxd5 28. Ne4 Qe5 29. f4 Qd5 1/2-1/2

[Event "Championship Meridian 2015"]
[Site "?"]
[Date "2015.07.19"]
[Round "4.4"]
[White "Babiy, Anatoly"]
[Black "Rozum, Ivan"]
[Result "0-1"]
[WhiteElo "2364"]
[BlackElo "2579"]
[PlyCount "66"]
[EventDate "2015.??.??"]

1. Nf3 Nf6 2. d4 e6 3. c4 b6 4. g3 Bb7 5. Bg2 g6 6. O-O Bg7 7. Nc3 Ne4 8. Qc2
Nxc3 9. Qxc3 O-O 10. Bg5 Qc8 11. Qd2 Re8 12. Rfe1 Be4 13. Bh6 Bh8 14. Qf4 f5
15. Rad1 d6 16. Qh4 c5 17. dxc5 dxc5 18. Bc1 Qb7 19. Rd6 Nc6 20. Red1 Re7 21.
Bg5 Rf7 22. b3 Re8 23. Qf4 Nd4 24. Nxd4 cxd4 25. Bxe4 fxe4 26. Qg4 Rf5 27.
R6xd4 Bxd4 28. Rxd4 Qc6 29. h4 Qc5 30. Be3 Qa5 31. Qxe4 Qe1+ 32. Kg2 Qxe2 33.
Rd7 Rxf2+ 0-1

[Event "Championship Meridian 2015"]
[Site "?"]
[Date "2015.07.19"]
[Round "4.5"]
[White "Smirnov, Pavel"]
[Black "Bocharov, Dmitry"]
[Result "0-1"]
[WhiteElo "2656"]
[BlackElo "2530"]
[PlyCount "108"]
[EventDate "2015.??.??"]

1. d4 Nf6 2. c4 e6 3. g3 d5 4. Bg2 Bb4+ 5. Bd2 Be7 6. Nf3 O-O 7. O-O c6 8. Qc2
Nbd7 9. Rd1 b6 10. b3 Ba6 11. a4 Ne4 12. Bf4 g5 13. Be3 f5 14. Nc3 Rc8 15. Nxe4
fxe4 16. Ne1 Bf6 17. Rac1 Qe7 18. Qd2 Bb7 19. b4 e5 20. cxd5 cxd5 21. Bh3 Rxc1
22. Rxc1 exd4 23. Bxd4 Ne5 24. Nc2 g4 25. Bg2 Nc4 26. Bxf6 Qxf6 27. Qd4 Qg5 28.
Rd1 Rc8 29. a5 Qg7 30. axb6 Nxb6 31. Qxg7+ Kxg7 32. Ne3 h5 33. f3 Rc3 34. Nf5+
Kf6 35. fxe4 Ke5 36. Nh4 dxe4 37. Rf1 Bd5 38. Ng6+ Kd4 39. Nf4 Bc4 40. Ra1 a6
41. Bf1 e3 42. Nxh5 Nd5 43. Ng7 Ke5 44. Nh5 Rc2 45. Nf4 Nxf4 46. gxf4+ Kxf4 47.
Re1 Rb2 48. h3 gxh3 49. Kh2 Rxb4 50. Bxh3 Rb2 51. Bf1 a5 52. Ra1 Ra2 53. Re1 a4
54. Bg2 Rxe2 0-1

[Event "Championship Meridian 2015"]
[Site "?"]
[Date "2015.07.19"]
[Round "4.6"]
[White "Shomoev, Anton"]
[Black "Pevzner, Lev"]
[Result "1-0"]
[WhiteElo "2580"]
[BlackElo "2373"]
[PlyCount "97"]
[EventDate "2015.??.??"]

1. e4 c5 2. Nf3 Nc6 3. Nc3 e6 4. d4 cxd4 5. Nxd4 Qc7 6. Be3 Nf6 7. f4 Nxd4 8.
Qxd4 a6 9. Be2 d6 10. O-O-O Be7 11. g4 e5 12. Qd3 exf4 13. Bxf4 Be6 14. Qg3 Rc8
15. Bxd6 Bxd6 16. Qxd6 Qxd6 17. Rxd6 Ke7 18. Rb6 Rc7 19. h3 Rhc8 20. Rb4 Nd7
21. Kd2 Ne5 22. Ke3 b5 23. Rd4 Rxc3+ 24. bxc3 Rxc3+ 25. Kd2 Ra3 26. Ra1 Bc4 27.
c3 Nc6 28. Rxc4 bxc4 29. Bxc4 Ne5 30. Bb3 Ra5 31. Rd1 h5 32. gxh5 Nd7 33. Bd5
Nf6 34. Ke3 Nxd5+ 35. exd5 Rxa2 36. Kd4 Rh2 37. c4 Rxh3 38. Rb1 Rxh5 39. Rb7+
Kf6 40. Rb6+ Ke7 41. Rxa6 g5 42. Ra7+ Kf6 43. d6 Ke6 44. Kc5 g4+ 45. Kc6 Rh8
46. Re7+ Kf6 47. Re1 g3 48. d7 g2 49. Rg1 1-0

[Event "Championship Meridian 2015"]
[Site "?"]
[Date "2015.07.19"]
[Round "4.7"]
[White "Tugarin, Anton"]
[Black "Yanchenko, Roman"]
[Result "0-1"]
[WhiteElo "2121"]
[BlackElo "2457"]
[PlyCount "76"]
[EventDate "2015.??.??"]

1. Nf3 d5 2. d4 Nf6 3. c4 e6 4. g3 Bb4+ 5. Bd2 Be7 6. Bg2 O-O 7. O-O c6 8. Qc2
Nbd7 9. Rd1 b6 10. Bf4 Bb7 11. Nc3 Rc8 12. Ne5 b5 13. b3 Nxe5 14. Bxe5 Nd7 15.
Bf4 f5 16. c5 Rf7 17. f3 e5 18. dxe5 Nxc5 19. Kh1 Ne6 20. Bc1 Qb6 21. e3 Bc5
22. Qd3 Ba6 23. Ne2 b4 24. Qd2 g6 25. Nd4 Bxd4 26. exd4 c5 27. f4 cxd4 28. Bb2
d3 29. Rac1 Rfc7 30. Rxc7 Rxc7 31. Rc1 Rc5 32. h3 Qc6 33. Rxc5 Qxc5 34. Bf1 Nd4
35. Qe3 Nxb3 36. Qe1 d2 37. Qd1 Bxf1 38. axb3 Qf2 0-1

[Event "Championship Meridian 2015"]
[Site "?"]
[Date "2015.07.19"]
[Round "4.8"]
[White "Maletin, Pavel"]
[Black "Emeliantsev, Anatoliy"]
[Result "1-0"]
[WhiteElo "2609"]
[BlackElo "2354"]
[PlyCount "73"]
[EventDate "2015.??.??"]

1. d4 Nf6 2. c4 g6 3. g3 Bg7 4. Bg2 O-O 5. Nc3 d6 6. Nf3 c5 7. d5 e6 8. O-O
exd5 9. cxd5 Re8 10. Nd2 a6 11. a4 Nbd7 12. h3 Rb8 13. Nc4 Ne5 14. Na3 Nh5 15.
e4 Bd7 16. a5 Qxa5 17. g4 Nf6 18. f4 Nexg4 19. hxg4 Nxg4 20. f5 Bd4+ 21. Kh1
Nf2+ 22. Rxf2 Bxf2 23. Bf4 Qd8 24. Qf3 Qh4+ 25. Bh2 Bd4 26. Nc4 b5 27. Nxd6 Be5
28. Qh3 Qxh3 29. Bxh3 Bxh2 30. Kxh2 Red8 31. Rxa6 b4 32. Nd1 Ra8 33. Rxa8 Rxa8
34. fxg6 Bxh3 35. gxf7+ Kf8 36. Kxh3 Ra1 37. Ne3 1-0

[Event "Championship Meridian 2015"]
[Site "?"]
[Date "2015.07.19"]
[Round "4.9"]
[White "Musaev, Rasul"]
[Black "Sek, Konstantin"]
[Result "1/2-1/2"]
[WhiteElo "2220"]
[BlackElo "2445"]
[PlyCount "72"]
[EventDate "2015.??.??"]

1. e4 e5 2. Nf3 Nc6 3. d4 exd4 4. Nxd4 Nf6 5. Nxc6 bxc6 6. e5 Qe7 7. Qe2 Nd5 8.
c4 Nb6 9. b3 g6 10. Bb2 Bg7 11. Nd2 Bb7 12. f4 d5 13. h4 h5 14. O-O-O O-O-O 15.
Rh3 Kb8 16. Kb1 Bc8 17. Rh1 Bf5+ 18. Ka1 dxc4 19. Nf3 cxb3 20. Rc1 Qb4 21. Qe3
Nd5 22. Qxb3 Qxb3 23. axb3 Nxf4 24. Ng5 Rd7 25. g3 Ne6 26. Bg2 Rd2 27. Bxc6 Nd4
28. Bxd4 Rxd4 29. Rhe1 Rd3 30. Ka2 Rd2+ 31. Ka3 Bf8+ 32. b4 a5 33. Nxf7 Bxb4+
34. Ka4 Ra2+ 35. Kb5 Bd3+ 36. Rc4 Bxe1 1/2-1/2

[Event "Championship Meridian 2015"]
[Site "?"]
[Date "2015.07.19"]
[Round "4.10"]
[White "Keosidi, Konstantin"]
[Black "Ivanov, Igor"]
[Result "1-0"]
[WhiteElo "2418"]
[BlackElo "2174"]
[PlyCount "109"]
[EventDate "2015.??.??"]

1. e4 e5 2. Nf3 Nc6 3. Nc3 Be7 4. g3 Nf6 5. Bg2 O-O 6. d4 d6 7. h3 Bd7 8. O-O
Re8 9. Be3 exd4 10. Nxd4 Ne5 11. b3 c6 12. g4 h6 13. Nf5 Bxf5 14. gxf5 Qa5 15.
Qd2 Rad8 16. Rad1 Ned7 17. Nd5 Qxd2 18. Nxe7+ Rxe7 19. Rxd2 Nb6 20. f3 Rde8 21.
Rxd6 Nc8 22. Rd2 Nd5 23. Bf2 Nc3 24. Bc5 Rc7 25. a3 b6 26. Bd4 Nb5 27. Bb2 Rce7
28. Rfd1 f6 29. Bf1 Nc7 30. a4 a5 31. Kf2 Kh7 32. Rd7 Rxd7 33. Rxd7 Re7 34. Rd1
Na7 35. Bd4 c5 36. Be3 Nc6 37. Rd6 Nb4 38. Rxb6 Nxc2 39. Bxc5 Rd7 40. Rd6 Rxd6
41. Bxd6 Ne8 42. Bc5 g6 43. fxg6+ Kxg6 44. Bd3 Nb4 45. Bxb4 axb4 46. a5 Nd6 47.
a6 Nc8 48. e5+ Kf7 49. Bc4+ Ke7 50. exf6+ Kxf6 51. Ke3 Ke5 52. f4+ Kd6 53. Kd4
Na7 54. f5 Nc6+ 55. Ke4 1-0

[Event "Championship Meridian 2015"]
[Site "?"]
[Date "2015.07.19"]
[Round "5.1"]
[White "Rozum, Ivan"]
[Black "Kokarev, Dmitry"]
[Result "1-0"]
[WhiteElo "2579"]
[BlackElo "2575"]
[PlyCount "111"]
[EventDate "2015.??.??"]

1. c4 g6 2. Nc3 c5 3. g3 Bg7 4. Bg2 Nc6 5. d3 e6 6. Nf3 Nge7 7. Bg5 h6 8. Bd2
d6 9. a3 b6 10. b4 Bb7 11. O-O Qd7 12. Rb1 O-O 13. e3 Nf5 14. Qe2 Rfe8 15. Rfd1
Rad8 16. Be1 cxb4 17. axb4 d5 18. d4 dxc4 19. Qxc4 Rc8 20. Qe2 Red8 21. b5 Na5
22. Rbc1 Nd6 23. e4 Ndc4 24. d5 e5 25. Rb1 Rc5 26. Rb4 Rdc8 27. Ra1 Nd6 28. Ra3
Ndc4 29. Raa4 Nd6 30. Ra3 R8c7 31. h4 Qc8 32. Qd3 a6 33. Na4 Nac4 34. Nxc5 Rxc5
35. bxa6 Bxa6 36. Ra1 f5 37. Nd2 Nxd2 38. Qxd2 fxe4 39. Qa2 Bc4 40. Qa8 b5 41.
Bh3 Qxa8 42. Rxa8+ Kh7 43. Rb1 Rxd5 44. Rd8 Rd4 45. h5 gxh5 46. Bb4 Bd3 47.
Bxd6 e3 48. Re1 exf2+ 49. Kxf2 Kg6 50. Be7 e4 51. Bf1 Rxd8 52. Bxd8 Bd4+ 53.
Kg2 b4 54. Bxd3 exd3 55. Rd1 Kf5 56. Rxd3 1-0

[Event "Championship Meridian 2015"]
[Site "?"]
[Date "2015.07.19"]
[Round "5.2"]
[White "Yanchenko, Roman"]
[Black "Goganov, Aleksey"]
[Result "1/2-1/2"]
[WhiteElo "2457"]
[BlackElo "2601"]
[PlyCount "104"]
[EventDate "2015.??.??"]

1. d4 Nf6 2. Nf3 e6 3. c4 Bb4+ 4. Bd2 Qe7 5. e3 O-O 6. Bd3 d5 7. Qc2 b6 8. O-O
Ba6 9. Bxb4 Qxb4 10. Nbd2 Nbd7 11. Rfc1 Qd6 12. Qa4 Bb7 13. b4 c6 14. Rab1 Qe7
15. Qc2 g6 16. a4 Rab8 17. a5 bxa5 18. bxa5 Ba6 19. cxd5 Bxd3 20. Qxd3 cxd5 21.
Qa6 Rxb1 22. Rxb1 Nb8 23. Qb5 Rc8 24. Ne5 Qc7 25. Qb7 Nfd7 26. Nxd7 Nxd7 27. g3
Nf6 28. Nf3 Ne4 29. Ne5 Nd6 30. Qb4 Kg7 31. Kg2 Nc4 32. Nxc4 Qxc4 33. Qd6 Qc7
34. Qa6 Qc2 35. Rf1 Rc7 36. Kg1 Qc6 37. Qxc6 Rxc6 38. Rb1 Rc7 39. Kf1 Kf6 40.
Rb5 Rc1+ 41. Ke2 Rc2+ 42. Kf3 Ra2 43. Rc5 g5 44. h4 gxh4 45. gxh4 a6 46. Kg3 h5
47. f3 Ra4 48. Kf4 e5+ 49. Kg3 exd4 50. exd4 Rxd4 51. Rc6+ Kf5 52. Rxa6 Ra4
1/2-1/2

[Event "Championship Meridian 2015"]
[Site "?"]
[Date "2015.07.19"]
[Round "5.3"]
[White "Pridorozhni, Aleksei"]
[Black "Shomoev, Anton"]
[Result "1/2-1/2"]
[WhiteElo "2582"]
[BlackElo "2580"]
[PlyCount "128"]
[EventDate "2015.??.??"]

1. e4 c5 2. Nf3 d6 3. Bb5+ Nd7 4. O-O Ngf6 5. Re1 a6 6. Bf1 b6 7. c4 Bb7 8. Nc3
e6 9. d4 cxd4 10. Nxd4 Be7 11. Be3 O-O 12. f3 Rc8 13. Rc1 Qc7 14. Bf2 Qb8 15.
Nc2 Bd8 16. Ne3 Bc7 17. g3 Ne5 18. Bg2 Rfd8 19. f4 Ng6 20. Ng4 Nxg4 21. Qxg4
Ba8 22. a4 Bc6 23. Qe2 Re8 24. h4 Bd8 25. b4 Ba8 26. c5 bxc5 27. bxc5 dxc5 28.
Qxa6 Bb7 29. Qc4 Ba5 30. Red1 Red8 31. Nb5 h6 32. Kh2 Bb4 33. h5 Nf8 34. Rxd8
Rxd8 35. Bxc5 Bd2 36. Ba7 Qa8 37. Rd1 Ba6 38. Bb6 Rd7 39. Qc2 Bxb5 40. axb5 Qb8
41. Bf2 Bb4 42. Rxd7 Nxd7 43. Qc6 Nf6 44. Bf3 e5 45. b6 exf4 46. b7 Bd6 47.
Qc8+ Kh7 48. g4 Be5 49. Bc5 g6 50. hxg6+ Kxg6 51. Bf8 Kh7 52. Qf5+ Kg8 53. Bxh6
Ne8 54. g5 Ng7 55. Qc8+ Kh7 56. Qd7 Qa7 57. Kh3 Qf2 58. Qg4 Qb2 59. Bxg7 Kxg7
60. g6 fxg6 61. Qd7+ Kh6 62. Qe7 Qf2 63. Qh4+ Qxh4+ 64. Kxh4 g5+ 1/2-1/2

[Event "Championship Meridian 2015"]
[Site "?"]
[Date "2015.07.19"]
[Round "5.4"]
[White "Bocharov, Dmitry"]
[Black "Zablotsky, Sergei"]
[Result "1-0"]
[WhiteElo "2530"]
[BlackElo "2455"]
[PlyCount "59"]
[EventDate "2015.??.??"]

1. c4 e5 2. Nc3 g6 3. d4 d6 4. Nf3 Bg7 5. g3 Ne7 6. Bg2 exd4 7. Nxd4 Nbc6 8.
Nc2 O-O 9. O-O Be6 10. Nd5 Ne5 11. Nce3 c6 12. Nxe7+ Qxe7 13. Qc2 Rfe8 14. h3
Qd7 15. f4 Bxh3 16. fxe5 Rxe5 17. Rf2 Rae8 18. Qd3 h5 19. Bd2 Bxg2 20. Nxg2 Re4
21. Raf1 f5 22. Bc3 Bh6 23. Nf4 Kh7 24. Nxh5 gxh5 25. Rxf5 Kg8 26. Rxh5 Qh7 27.
Qf3 R4e6 28. Bd2 Qg7 29. Bxh6 Rxh6 30. Rxh6 1-0

[Event "Championship Meridian 2015"]
[Site "?"]
[Date "2015.07.19"]
[Round "5.5"]
[White "Papin, Vasily"]
[Black "Keosidi, Konstantin"]
[Result "1-0"]
[WhiteElo "2518"]
[BlackElo "2418"]
[PlyCount "91"]
[EventDate "2015.??.??"]

1. c4 e5 2. g3 Nc6 3. Nc3 g6 4. Bg2 Bg7 5. Rb1 a5 6. a3 d6 7. b4 axb4 8. axb4
f5 9. d3 Nf6 10. e3 O-O 11. Nge2 h6 12. O-O Kh7 13. Nd5 Ne7 14. Nxf6+ Bxf6 15.
b5 g5 16. f4 Ng6 17. Qc2 Bg7 18. Kh1 exf4 19. exf4 g4 20. Bb2 h5 21. Rfe1 h4
22. Kg1 h3 23. Bh1 Ra2 24. Nc3 Rxb2 25. Rxb2 Bd4+ 26. Kf1 Qf6 27. Rb3 Bc5 28.
Na4 Bd4 29. Rbb1 b6 30. Re2 Be6 31. Rbe1 Bf7 32. Bd5 Qg7 33. Bxf7 Rxf7 34. Nb2
Bc5 35. Na4 Bd4 36. Nb2 Bc5 37. Nd1 Qd4 38. Nf2 d5 39. Qb2 Qxb2 40. Rxb2 dxc4
41. dxc4 Rd7 42. Rd1 Bd6 43. c5 bxc5 44. b6 Rd8 45. bxc7 Bxc7 46. Rb7 1-0

[Event "Championship Meridian 2015"]
[Site "?"]
[Date "2015.07.19"]
[Round "5.6"]
[White "Savchenko, Boris"]
[Black "Rychkov, Oleg"]
[Result "1-0"]
[WhiteElo "2674"]
[BlackElo "2329"]
[PlyCount "83"]
[EventDate "2015.??.??"]

1. e4 e5 2. Nf3 Nf6 3. Nxe5 d6 4. Nc4 Nxe4 5. d4 Be7 6. Bd3 Nf6 7. Bf4 Nc6 8.
c3 Bg4 9. Qb3 Rb8 10. Ne3 Bh5 11. Nf5 O-O 12. Nd2 Re8 13. Nf1 Bf8+ 14. N1e3 Ng4
15. h3 Nxe3 16. fxe3 Ne7 17. O-O Nxf5 18. Bxf5 d5 19. Be5 f6 20. Bf4 Bf7 21.
Rae1 Bd6 22. Qc2 g6 23. Bd3 Kg7 24. Qf2 b5 25. Bg5 Be7 26. e4 dxe4 27. Rxe4 f5
28. Rxe7 Rxe7 29. Qh4 Kf8 30. Qxh7 Qd5 31. g4 Qd6 32. Qh8+ Bg8 33. Bf4 Qd5 34.
gxf5 gxf5 35. Bxf5 Rb6 36. Bxc7 Rf7 37. Bxb6 Rxf5 38. Bc5+ Kf7 39. Qh5+ Kf6 40.
Be7+ Ke6 41. Qg6+ Kxe7 42. Rxf5 1-0

[Event "Championship Meridian 2015"]
[Site "?"]
[Date "2015.07.19"]
[Round "5.7"]
[White "Kravtsov, Sergey"]
[Black "Maletin, Pavel"]
[Result "0-1"]
[WhiteElo "2308"]
[BlackElo "2609"]
[PlyCount "112"]
[EventDate "2015.??.??"]

1. d4 d5 2. c4 e6 3. Nf3 c6 4. g3 dxc4 5. a4 b5 6. Bg2 Bb7 7. O-O Nf6 8. Ne5
Qc8 9. b3 cxb3 10. Qxb3 a6 11. Ba3 c5 12. Bxb7 Qxb7 13. dxc5 Qe4 14. Qf3 Qxf3
15. exf3 Nd5 16. axb5 axb5 17. Rc1 f6 18. Nd3 Nc6 19. Bb2 Rxa1 20. Bxa1 Be7 21.
Nc3 Nxc3 22. Bxc3 Kf7 23. Kf1 Rc8 24. f4 Bd8 25. Ke2 Ne7 26. Rb1 Rb8 27. Nb4
Rc8 28. Nd3 Rb8 29. Nb4 Ra8 30. Kd3 Ba5 31. Na2 Nd5 32. Bxa5 Rxa5 33. Nb4 Ra3+
34. Kd2 Nc3 35. Rc1 Ne4+ 36. Ke2 Ke7 37. f3 Rc3 38. Rxc3 Nxc3+ 39. Kd3 Nd5 40.
Nc6+ Kd7 41. Nd4 Nc7 42. Ke4 Kc8 43. Kd3 Kd7 44. Ke4 Kc8 45. Kd3 Kb7 46. Kc3 e5
47. fxe5 fxe5 48. Nf5 g6 49. Ne7 Ne6 50. Kb4 Nd4 51. f4 exf4 52. gxf4 Nc6+ 53.
Kxb5 Nxe7 54. Kc4 Kc6 55. Kd4 Nf5+ 56. Ke5 Kxc5 {Kd4+} 0-1

[Event "Championship Meridian 2015"]
[Site "?"]
[Date "2015.07.19"]
[Round "5.8"]
[White "Sek, Konstantin"]
[Black "Daudov, Dmitriy"]
[Result "1-0"]
[WhiteElo "2445"]
[BlackElo "2288"]
[PlyCount "57"]
[EventDate "2015.??.??"]

1. e4 c5 2. Nf3 d6 3. d4 cxd4 4. Nxd4 Nf6 5. Nc3 a6 6. h3 e5 7. Nb3 Be6 8. Qf3
Be7 9. Be3 Nbd7 10. O-O-O Qc7 11. g4 h6 12. Kb1 Rc8 13. Bd3 b5 14. Rhg1 Nb6 15.
h4 b4 16. Bxb6 Qxb6 17. Nd5 Bxd5 18. exd5 g6 19. g5 hxg5 20. hxg5 Nh5 21. Rh1
a5 22. Nd2 a4 23. Ne4 a3 24. b3 Rg8 25. Rxh5 gxh5 26. Qxh5 Rc7 27. Bc4 Rxc4 28.
bxc4 Qa6 29. Qe2 1-0

[Event "Championship Meridian 2015"]
[Site "?"]
[Date "2015.07.19"]
[Round "5.9"]
[White "Muratov, Sergey"]
[Black "Korniushin, Nikolay"]
[Result "1/2-1/2"]
[WhiteElo "2270"]
[BlackElo "2373"]
[PlyCount "71"]
[EventDate "2015.??.??"]

1. d4 d6 2. Nf3 Nf6 3. g3 g6 4. Bg2 Bg7 5. O-O O-O 6. c4 c5 7. d5 b5 8. cxb5 a6
9. bxa6 Bxa6 10. Nc3 Nbd7 11. Rb1 Qa5 12. Bd2 Rfb8 13. Qc2 Ng4 14. b3 Qb4 15.
a4 c4 16. Nb5 cxb3 17. Qxb3 Qxb3 18. Rxb3 Nc5 19. Rb4 Nf6 20. Nfd4 Bxb5 21.
axb5 Ra2 22. Nc6 Rb7 23. Rd1 Kf8 24. b6 Ra6 25. Rdb1 Nfd7 26. Bh3 Raxb6 27.
Rxb6 Rxb6 28. Rc1 Nf6 29. Ra1 Ra6 30. Rb1 Ra8 31. Bg2 Nfd7 32. Bg5 Bf6 33. Bh6+
Bg7 34. Bg5 Bf6 35. Bh6+ Bg7 36. Bg5 1/2-1/2

[Event "Championship Meridian 2015"]
[Site "?"]
[Date "2015.07.19"]
[Round "5.10"]
[White "Zheltov, Roman"]
[Black "Babiy, Anatoly"]
[Result "0-1"]
[WhiteElo "2222"]
[BlackElo "2364"]
[PlyCount "122"]
[EventDate "2015.??.??"]

1. d4 d5 2. Nf3 c6 3. c4 Nf6 4. Qb3 e6 5. Nc3 Qb6 6. c5 Qc7 7. g3 b6 8. Bf4 Qb7
9. cxb6 axb6 10. Bg2 Be7 11. O-O O-O 12. Ne5 Nbd7 13. Rfc1 Nxe5 14. Bxe5 Nd7
15. Bf4 Bf6 16. e3 e5 17. dxe5 Nxe5 18. Bxe5 Bxe5 19. Ne2 Rd8 20. Qc2 c5 21.
Rd1 Be6 22. Nf4 Bxf4 23. gxf4 g6 24. Rd2 Rd7 25. a3 Qc7 26. Rc1 Rad8 27. Rcd1
d4 28. exd4 Qxf4 29. d5 Bf5 30. Qc3 Re7 31. Qg3 Qd6 32. Qxd6 Rxd6 33. b4 cxb4
34. axb4 Rc7 35. Rd4 Kf8 36. Bf1 Ke7 37. Re1+ Kf6 38. f4 Re7 39. Rxe7 Kxe7 40.
Kf2 Rd8 41. Ke3 Kd6 42. Bg2 Re8+ 43. Kf2 Ra8 44. Rc4 Bd7 45. Rc2 Ra4 46. Rb2
Ra3 47. Bf3 Bb5 48. h4 Bc4 49. Rb1 Rd3 50. h5 Bxd5 51. Bxd5 Rxd5 52. hxg6 hxg6
53. Ke3 Kc6 54. Ke4 Rf5 55. Rd1 Rf6 56. Rd4 Re6+ 57. Kf3 Rd6 58. Re4 f6 59. Ke3
Kb5 60. Re8 Kxb4 61. Rg8 f5 0-1

[Event "Championship Meridian 2015"]
[Site "?"]
[Date "2015.07.19"]
[Round "6.1"]
[White "Papin, Vasily"]
[Black "Rozum, Ivan"]
[Result "1/2-1/2"]
[WhiteElo "2518"]
[BlackElo "2579"]
[PlyCount "23"]
[EventDate "2015.??.??"]

1. d4 Nf6 2. Nf3 e6 3. c4 b6 4. a3 Ba6 5. Qc2 Bb7 6. Nc3 c5 7. dxc5 bxc5 8. Bf4
Be7 9. h3 O-O 10. e3 d6 11. Be2 a6 12. O-O 1/2-1/2

[Event "Championship Meridian 2015"]
[Site "?"]
[Date "2015.07.19"]
[Round "6.2"]
[White "Savchenko, Boris"]
[Black "Bocharov, Dmitry"]
[Result "1-0"]
[WhiteElo "2674"]
[BlackElo "2530"]
[PlyCount "20"]
[EventDate "2015.??.??"]

1. e4 c5 2. Nf3 e6 3. d4 cxd4 4. Nxd4 a6 5. c4 Nf6 6. Nc3 Qc7 7. Be2 b6 8. O-O
Bb7 9. Qd3 d6 10. Bg5 Nbd7 1-0

[Event "Championship Meridian 2015"]
[Site "?"]
[Date "2015.07.19"]
[Round "6.3"]
[White "Kokarev, Dmitry"]
[Black "Maletin, Pavel"]
[Result "1/2-1/2"]
[WhiteElo "2575"]
[BlackElo "2609"]
[PlyCount "31"]
[EventDate "2015.??.??"]

1. e4 c5 2. Nf3 Nc6 3. Nc3 Nf6 4. d4 cxd4 5. Nxd4 e5 6. Ndb5 d6 7. Bg5 a6 8.
Na3 b5 9. Nd5 Be7 10. Bxf6 Bxf6 11. c3 O-O 12. Nc2 Rb8 13. Ncb4 Nxb4 14. Nxb4
Bb7 15. Nd5 Rc8 16. Qd3 1/2-1/2

[Event "Championship Meridian 2015"]
[Site "?"]
[Date "2015.07.19"]
[Round "6.6"]
[White "Shomoev, Anton"]
[Black "Yanchenko, Roman"]
[Result "1/2-1/2"]
[WhiteElo "2580"]
[BlackElo "2457"]
[PlyCount "28"]
[EventDate "2015.??.??"]

1. e4 e5 2. Nf3 Nf6 3. Nxe5 d6 4. Nf3 Nxe4 5. d4 Be7 6. Bd3 Nf6 7. h3 h6 8. O-O
O-O 9. c4 d5 10. Nc3 dxc4 11. Bxc4 Nbd7 12. Re1 Nb6 13. Bb3 c6 14. Qd3 Bd6
1/2-1/2

[Event "Championship Meridian 2015"]
[Site "?"]
[Date "2015.07.19"]
[Round "6.7"]
[White "Smirnov, Pavel"]
[Black "Sek, Konstantin"]
[Result "1-0"]
[WhiteElo "2656"]
[BlackElo "2445"]
[PlyCount "27"]
[EventDate "2015.??.??"]

1. d4 Nf6 2. c4 c5 3. d5 e6 4. Nc3 exd5 5. cxd5 d6 6. e4 g6 7. Nge2 Bg7 8. Ng3
O-O 9. Be2 a6 10. a4 Nbd7 11. O-O Rb8 12. Bg5 Qa5 13. Qd2 Re8 14. Qf4 1-0

[Event "Championship Meridian 2015"]
[Site "?"]
[Date "2015.07.19"]
[Round "6.8"]
[White "Zablotsky, Sergei"]
[Black "Muratov, Sergey"]
[Result "1-0"]
[WhiteElo "2455"]
[BlackElo "2270"]
[PlyCount "21"]
[EventDate "2015.??.??"]

1. Nf3 d5 2. g3 Nf6 3. Bg2 c6 4. O-O Bf5 5. d3 e6 6. c4 Nbd7 7. Nc3 Bc5 8. cxd5
exd5 9. e4 dxe4 10. dxe4 Bg6 11. e5 1-0

[Event "Championship Meridian 2015"]
[Site "?"]
[Date "2015.07.19"]
[Round "6.9"]
[White "Korniushin, Nikolay"]
[Black "Pavlovskiy, Mikhail"]
[Result "0-1"]
[WhiteElo "2373"]
[BlackElo "2230"]
[PlyCount "20"]
[EventDate "2015.??.??"]

1. d4 d5 2. Nf3 Nf6 3. c4 c6 4. g3 e6 5. Bg2 a6 6. O-O dxc4 7. Ne5 b5 8. Nxc6
Qb6 9. Nxb8 Rxb8 10. e4 Bb7 0-1

[Event "Championship Meridian 2015"]
[Site "?"]
[Date "2015.07.19"]
[Round "6.10"]
[White "Sutormin, Danila"]
[Black "Pevzner, Lev"]
[Result "1/2-1/2"]
[WhiteElo "2332"]
[BlackElo "2373"]
[PlyCount "30"]
[EventDate "2015.??.??"]

1. e4 c5 2. c3 Nf6 3. e5 Nd5 4. d4 cxd4 5. Nf3 Nc6 6. cxd4 d6 7. Bc4 Nb6 8. Bb5
d5 9. O-O Bg4 10. h3 Bxf3 11. Qxf3 e6 12. Qg4 h5 13. Qg3 h4 14. Qg4 g6 15. Nd2
Be7 1/2-1/2

[Event "Championship Meridian 2015"]
[Site "?"]
[Date "2015.07.19"]
[Round "7.1"]
[White "Rozum, Ivan"]
[Black "Savchenko, Boris"]
[Result "0-1"]
[WhiteElo "2579"]
[BlackElo "2674"]
[PlyCount "102"]
[EventDate "2015.??.??"]

1. d4 Nf6 2. c4 e6 3. Nc3 d5 4. cxd5 exd5 5. Bg5 c6 6. e3 Bd6 7. Bd3 O-O 8.
Nge2 Re8 9. Qc2 h6 10. Bf4 Be6 11. O-O Nh5 12. Bxd6 Qxd6 13. Rae1 Nd7 14. Qd2
a6 15. a3 Rac8 16. Kh1 Nb6 17. b4 Re7 18. Qb2 Rce8 19. a4 Bd7 20. a5 Nc8 21.
Na4 Qf6 22. Nc5 Bf5 23. Qc2 Nd6 24. Nc3 Qg6 25. Re2 Nf6 26. Rfe1 Qg5 27. Qc1
Qh4 28. f3 Bxd3 29. Nxd3 Nf5 30. Kg1 Qg5 31. Kf2 Nh4 32. Nf4 Qf5 33. Qb1 Qg5
34. Qd3 Nh5 35. g3 Nf5 36. Nh3 Qf6 37. g4 Nh4 38. Ng1 Qd6 39. gxh5 Rxe3 40. Qd2
Qxh2+ 41. Kf1 Rxf3+ 42. Nxf3 Qh3+ 43. Rg2 Qxf3+ 44. Qf2 Rxe1+ 45. Kxe1 Nxg2+
46. Kf1 Qxf2+ 47. Kxf2 Nf4 48. Na4 Ne6 49. Ke3 Kf8 50. Nb2 Ke7 51. Nd3 g6 0-1

[Event "Championship Meridian 2015"]
[Site "?"]
[Date "2015.07.19"]
[Round "7.2"]
[White "Pridorozhni, Aleksei"]
[Black "Papin, Vasily"]
[Result "1/2-1/2"]
[WhiteElo "2582"]
[BlackElo "2518"]
[PlyCount "97"]
[EventDate "2015.??.??"]

1. e4 c5 2. Nf3 e6 3. c3 Nf6 4. e5 Nd5 5. Bc4 d6 6. d4 cxd4 7. cxd4 Be7 8. O-O
O-O 9. Qe2 b6 10. Nbd2 Bb7 11. Ne4 dxe5 12. dxe5 Nd7 13. Bd2 Qb8 14. Ng3 Rd8
15. Rfe1 Nf8 16. h4 Ng6 17. Rad1 Ndf4 18. Bxf4 Nxf4 19. Qe3 Rxd1 20. Rxd1 Nd5
21. Qd4 Qc7 22. Qg4 Rd8 23. Nh5 g6 24. Bxd5 Rxd5 25. Rxd5 Bxd5 26. Nf6+ Bxf6
27. exf6 Bxf3 28. Qxf3 h5 29. Qe3 Kh7 30. g3 Qd6 31. Qf3 e5 32. Qb7 Qxf6 33.
Qxa7 Kg7 34. Qa3 Qe6 35. Qe3 b5 36. a3 Qd5 37. b3 f5 38. Kh2 f4 39. gxf4 exf4
40. Qc3+ Kh7 41. a4 bxa4 42. bxa4 Qd8 43. Qh3 Qd4 44. Qg2 Qxa4 45. Qb7+ Kh6 46.
Qb8 Qd4 47. Qf8+ Kh7 48. Qf7+ Kh8 49. Qf8+ 1/2-1/2